[Event "1. Bundesliga 2018/2019"]
[Site "St. Veit an der Glan"]
[Date "2019.01.18"]
[Round "6"]
[Board "6"]
[White "Ertl, Johann"]
[Black "Rosner, Gerhard"]
[Result "1/2-1/2"]
[WhiteElo "2255"]
[BlackElo "2042"]
[PlyCount "68"]
[EventDate "2018.11.15"]
[EventType "team"]
[EventRounds "11"]
[EventCountry "AUT"]
[WhiteTeam "SC MPOE Maria Saal"]
[BlackTeam "SIR Salzburg"]

1.e4 e5 2.Nf3 d6 3.d4 exd4 4.Nxd4 Nf6 5.Nc3 Be7 6.Be2 O-O 7.O-O Re8 8.f4 Bf8 9.Bf3
c5 10.Nb3 Nc6 11.Be3 a5 12.Re1 a4 13.Nd2 a3 14.b3 Nb4 15.Nc4 Be6 16.Bf2 Bxc4 17.bxc4
Nd7 18.Nd5 Nxd5 19.cxd5 b5 20.Bg3 Ra4 21.e5 Rd4 22.Qe2 Nf6 23.Qxb5 Nxd5 24.exd6 Rxe1+
25.Rxe1 Qxd6 26.f5 Qb6 27.Qe8 Nf6 28.Qa8 Rd2 29.Qa4 Qb4 30.Qxb4 cxb4 31.Rc1 Bc5+ 32.Kf1
h6 33.Bf4 Rd8 34.c3 Be7 1/2-1/2

[Event "1. Bundesliga 2018/2019"]
[Site "St. Veit an der Glan"]
[Date "2019.01.19"]
[Round "7"]
[Board "1"]
[White "Menezes, Christoph"]
[Black "Bindrich, Falko"]
[Result "0-1"]
[WhiteElo "2399"]
[BlackElo "2609"]
[PlyCount "80"]
[EventDate "2018.11.15"]
[EventType "team"]
[EventRounds "11"]
[EventCountry "AUT"]
[WhiteTeam "UNION Ansfelden"]
[BlackTeam "SK Hohenems"]

1.c4 e6 2.Nc3 d5 3.d4 Bb4 4.a3 Bxc3+ 5.bxc3 Nf6 6.e3 O-O 7.cxd5 exd5 8.Bd3 b6 9.Ne2
Ba6 10.O-O Re8 11.f3 c5 12.Ng3 h5 13.Ra2 Bxd3 14.Qxd3 Nc6 15.Re2 Qd7 16.Bb2 Rad8 17.Nh1
a5 18.Nf2 b5 19.Rd1 c4 20.Qd2 Rb8 21.e4 b4 22.axb4 axb4 23.cxb4 Rxb4 24.Bc3 Rb3 25.Rde1
Reb8 26.Nd1 Rb1 27.Nf2 Qa7 28.h3 Rxe1+ 29.Rxe1 Qa3 30.Ra1 Qb3 31.g4 hxg4 32.hxg4 Ne7
33.g5 Nh5 34.Ra7 Ng6 35.exd5 Nhf4 36.Kh2 Nxd5 37.Ne4 Re8 38.Rd7 Ngf4 39.Kg3 Qb8 40.Nd6
Re2  0-1

[Event "1. Bundesliga 2018/2019"]
[Site "St. Veit an der Glan"]
[Date "2019.01.19"]
[Round "7"]
[Board "2"]
[White "Martinovic, Sasa"]
[Black "Weiss, Christian"]
[Result "1-0"]
[WhiteElo "2555"]
[BlackElo "2373"]
[PlyCount "63"]
[EventDate "2018.11.15"]
[EventType "team"]
[EventRounds "11"]
[EventCountry "AUT"]
[WhiteTeam "SK Hohenems"]
[BlackTeam "UNION Ansfelden"]

1.d4 Nf6 2.c4 c5 3.d5 e6 4.Nc3 exd5 5.cxd5 d6 6.e4 g6 7.f4 Bg7 8.Bb5+ Nfd7 9.a4 O-O
10.Nf3 Na6 11.O-O Nb4 12.Be3 a6 13.Be2 Re8 14.Bf2 Rb8 15.Bh4 Bf6 16.Bg3 Nb6 17.h3
Be7 18.Kh1 Bd7 19.Bh2 Bf8 20.g4 Nc8 21.Qd2 b5 22.a5 Bh6 23.Rg1 Kh8 24.h4 f6 25.g5
fxg5 26.Nxg5 Qe7 27.Rg2 Rf8 28.Rag1 Rb7 29.h5 Bxg5 30.Rxg5 Be8 31.hxg6 hxg6 32.f5  1-0

[Event "1. Bundesliga 2018/2019"]
[Site "St. Veit an der Glan"]
[Date "2019.01.19"]
[Round "7"]
[Board "3"]
[White "Felsberger, Alfred"]
[Black "Rozentalis, Eduardas"]
[Result "1/2-1/2"]
[WhiteElo "2345"]
[BlackElo "2568"]
[PlyCount "56"]
[EventDate "2018.11.15"]
[EventType "team"]
[EventRounds "11"]
[EventCountry "AUT"]
[WhiteTeam "UNION Ansfelden"]
[BlackTeam "SK Hohenems"]

1.e4 e6 2.d4 d5 3.Nc3 Nc6 4.Nf3 Nf6 5.exd5 exd5 6.Bb5 Bg4 7.O-O Be7 8.h3 Bxf3 9.Qxf3
O-O 10.Bxc6 bxc6 11.Be3 Qd7 12.Rad1 Rfe8 13.Rfe1 Bb4 14.Bd2 Bxc3 15.Qxc3 Ne4 16.Qd3
h6 17.f3 Nxd2 18.Qxd2 Qd6 19.Rxe8+ Rxe8 20.Re1 Rxe1+ 21.Qxe1 c5 22.Qa5 cxd4 23.Qxa7
Qe5 24.a4 Qe1+ 25.Kh2 Qe5+ 26.Kg1 Qe1+ 27.Kh2 Qe5+ 28.Kg1 Qe1+  1/2-1/2

[Event "1. Bundesliga 2018/2019"]
[Site "St. Veit an der Glan"]
[Date "2019.01.19"]
[Round "7"]
[Board "4"]
[White "Henrichs, Thomas"]
[Black "Mostbauer, Florian"]
[Result "1-0"]
[WhiteElo "2443"]
[BlackElo "2345"]
[PlyCount "85"]
[EventDate "2018.11.15"]
[EventType "team"]
[EventRounds "11"]
[EventCountry "AUT"]
[WhiteTeam "SK Hohenems"]
[BlackTeam "UNION Ansfelden"]

1.Nf3 d5 2.g3 Nf6 3.Bg2 g6 4.c4 c6 5.b3 Bg7 6.Bb2 O-O 7.O-O Re8 8.d4 Bf5 9.e3 Qc8
10.Qe2 Bh3 11.cxd5 Bxg2 12.Kxg2 cxd5 13.Rc1 Nc6 14.Ne5 Qe6 15.Nxc6 bxc6 16.Nc3 h5
17.h3 Rac8 18.Na4 Ne4 19.Nc5 Nxc5 20.Rxc5 Qd7 21.Rac1 Rc7 22.Qc2 Rec8 23.Bc3 e5 24.Ba5
Rb7 25.dxe5 Bxe5 26.Rxc6 Re8 27.Rc8 Kh7 28.Qc6 Rxc8 29.Qxd7 Rxd7 30.Rxc8 d4 31.exd4
Bxd4 32.Rd8 Rxd8 33.Bxd8 Kg7 34.Bg5 a6 35.Kf3 f5 36.Ke2 Kf7 37.Be3 Bf6 38.Kd3 Ke6
39.Kc4 Kd6 40.h4 Kc6 41.b4 Bb2 42.a4 Kd6 43.Bf4+  1-0

[Event "1. Bundesliga 2018/2019"]
[Site "St. Veit an der Glan"]
[Date "2019.01.19"]
[Round "7"]
[Board "5"]
[White "Moser, Guenter"]
[Black "Atlas, Valery"]
[Result "1/2-1/2"]
[WhiteElo "2306"]
[BlackElo "2445"]
[PlyCount "83"]
[EventDate "2018.11.15"]
[EventType "team"]
[EventRounds "11"]
[EventCountry "AUT"]
[WhiteTeam "UNION Ansfelden"]
[BlackTeam "SK Hohenems"]

1.d4 Nf6 2.Nf3 b6 3.g3 Bb7 4.Bg2 c5 5.O-O e6 6.a3 Be7 7.Nc3 O-O 8.Bg5 cxd4 9.Qxd4
h6 10.Bf4 Nc6 11.Qd3 d6 12.e4 Qb8 13.Rad1 Rd8 14.Rfe1 Ng4 15.Qe2 Nge5 16.Nd4 a6 17.Be3
b5 18.Nxc6 Bxc6 19.b3 Bf6 20.Bd4 Qc7 21.Nb1 Bb7 22.c3 Nd7 23.Bxf6 Nxf6 24.h3 Rac8
25.f3 Nd7 26.Kh2 Qb8 27.Qa2 d5 28.exd5 Bxd5 29.f4 Nf6 30.Bxd5 exd5 31.Re5 h5 32.Rd4
h4 33.gxh4 Ne4 34.Qg2 f6 35.Rf5 Qc7 36.h5 Nxc3 37.Nxc3 Qxc3 38.h6 Rc7 39.Rfxd5 Qxd4
40.Rxd4 Rxd4 41.Qg6 Rxf4 42.h7+  1/2-1/2

[Event "1. Bundesliga 2018/2019"]
[Site "St. Veit an der Glan"]
[Date "2019.01.19"]
[Round "7"]
[Board "6"]
[White "Baenziger, Fabian"]
[Black "Ennsberger, Ulrich"]
[Result "1-0"]
[WhiteElo "2349"]
[BlackElo "2253"]
[PlyCount "85"]
[EventDate "2018.11.15"]
[EventType "team"]
[EventRounds "11"]
[EventCountry "AUT"]
[WhiteTeam "SK Hohenems"]
[BlackTeam "UNION Ansfelden"]

1.Nf3 c5 2.g3 Nc6 3.Bg2 g6 4.c4 Bg7 5.Nc3 Nf6 6.O-O O-O 7.d4 cxd4 8.Nxd4 d6 9.Nxc6
bxc6 10.Bxc6 Rb8 11.Bg2 Qa5 12.Qc2 Be6 13.b3 Rfc8 14.Bd2 Qh5 15.e4 Ng4 16.h3 Ne5 17.f4
Bxc4 18.fxe5 Bxf1 19.Rxf1 Qxe5 20.Rf3 e6 21.Qd3 Qd4+ 22.Qxd4 Bxd4+ 23.Kf1 Rc5 24.Rd3
Be5 25.Ke2 Rbc8 26.Nd1 Rc2 27.a4 Ra2 28.Ne3 Bxg3 29.Nc4 Bf4 30.Nxd6 Rb8 31.Nc4 e5
32.Kf3 Bxd2 33.Nxd2 Rb2 34.Bf1 Rb7 35.Rd8+ Kg7 36.Bc4 h5 37.h4 Rb6 38.Ke3 Rb7 39.a5
Kf6 40.a6 Rc7 41.Nf3 Rg2 42.Rb8 Rg4 43.Rb7  1-0

[Event "1. Bundesliga 2018/2019"]
[Site "St. Veit an der Glan"]
[Date "2019.01.19"]
[Round "7"]
[Board "1"]
[White "Dragnev, Valentin"]
[Black "Mons, Leon"]
[Result "1/2-1/2"]
[WhiteElo "2514"]
[BlackElo "2553"]
[PlyCount "103"]
[EventDate "2018.11.15"]
[EventType "team"]
[EventRounds "11"]
[EventCountry "AUT"]
[WhiteTeam "mpimmo Wien - SK Ottakring"]
[BlackTeam "SIR Salzburg"]

1.d4 Nf6 2.Nf3 d5 3.Bf4 c5 4.e3 e6 5.Nbd2 Bd6 6.dxc5 Bxc5 7.Bd3 Nc6 8.O-O Bd6 9.Bg5
h6 10.Bh4 O-O 11.c4 Be7 12.h3 b6 13.Rc1 Bb7 14.Qe2 d4 15.Rfd1 dxe3 16.Qxe3 Bc5 17.Qe2
Nd4 18.Nxd4 Qxd4 19.Bxf6 Qxf6 20.Be4 Bxe4 21.Nxe4 Qe5 22.Nc3 Qxe2 23.Nxe2 Rfd8 24.Kf1
f5 25.Nc3 Kf7 26.Ke2 Kf6 27.b3 h5 28.h4 Ba3 29.Rb1 Be7 30.Kf3 a6 31.a4 Bb4 32.Na2
Bc5 33.Nc3 Rac8 34.Ne2 e5 35.Nc3 Bd4 36.Nd5+ Ke6 37.Nb4 a5 38.Nd5 Bc5 39.Rb2 Bd4 40.Rbb1
Rc6 41.g3 Kd6 42.Nf4 Ke7 43.Nd5+ Kf7 44.Ke2 Rg6 45.Rd3 Bc5 46.Rbd1 Rgd6 47.Rf3 g6
48.Rfd3 R6d7 49.R3d2 Rd6 50.Rc2 R6d7 51.Rd3 Rd6 52.Rd1  1/2-1/2

[Event "1. Bundesliga 2018/2019"]
[Site "St. Veit an der Glan"]
[Date "2019.01.19"]
[Round "7"]
[Board "2"]
[White "Durakovic, Alman"]
[Black "Banusz, Tamas"]
[Result "0-1"]
[WhiteElo "2283"]
[BlackElo "2614"]
[PlyCount "134"]
[EventDate "2018.11.15"]
[EventType "team"]
[EventRounds "11"]
[EventCountry "AUT"]
[WhiteTeam "SIR Salzburg"]
[BlackTeam "mpimmo Wien - SK Ottakring"]

1.d4 d5 2.c4 e6 3.Nc3 c6 4.Nf3 Nf6 5.e3 a6 6.Qc2 c5 7.cxd5 exd5 8.Be2 Be6 9.O-O Nc6
10.Rd1 Nb4 11.Qd2 Ne4 12.Nxe4 dxe4 13.a3 exf3 14.Bxf3 Nc6 15.d5 Ne5 16.dxe6 Nxf3+
17.gxf3 fxe6 18.f4 Qxd2 19.Bxd2 Rg8 20.Bc3 g5 21.f5 exf5 22.Rd5 Be7 23.Rxf5 Rg6 24.Rd1
Rd8 25.Rxd8+ Kxd8 26.Kg2 b5 27.Rf7 Rh6 28.Bg7 Re6 29.Bf8 Ke8 30.Rxe7+ Rxe7 31.Bxe7
Kxe7 32.f3 h5 33.h3 Ke6 34.Kf2 Kd5 35.Ke2 Kc4 36.Kd2 a5 37.a4 bxa4 38.Kc2 h4 39.Kb1
a3 40.bxa3 Kd3 41.e4 Kd2 42.e5 c4 43.e6 c3 44.e7 c2+ 45.Ka2 c1=Q 46.e8=Q Qc2+ 47.Ka1
Qc3+ 48.Ka2 Qc4+ 49.Kb2 Qd4+ 50.Ka2 Qd5+ 51.Kb2 Qb7+ 52.Ka2 Qxf3 53.Qd8+ Kc2 54.Qc8+
Kd3 55.Qd8+ Kc4 56.Qc7+ Kd4 57.Qg7+ Kd3 58.Qd7+ Ke2 59.Qb5+ Qd3 60.Qe5+ Qe3 61.Qf5
Ke1 62.Qb1+ Kf2 63.Qf5+ Kg3 64.Qxa5 g4 65.hxg4 h3 66.g5 h2 67.Qd5 Qf2+  0-1

[Event "1. Bundesliga 2018/2019"]
[Site "St. Veit an der Glan"]
[Date "2019.01.19"]
[Round "7"]
[Board "3"]
[White "Papp, Gabor"]
[Black "Leeb, Simon"]
[Result "1-0"]
[WhiteElo "2598"]
[BlackElo "2178"]
[PlyCount "113"]
[EventDate "2018.11.15"]
[EventType "team"]
[EventRounds "11"]
[EventCountry "AUT"]
[WhiteTeam "mpimmo Wien - SK Ottakring"]
[BlackTeam "SIR Salzburg"]

1.e4 c6 2.Nc3 d5 3.Nf3 Nf6 4.e5 Ne4 5.Nxe4 dxe4 6.Ng5 Qd5 7.Qe2 Bf5 8.g4 h6 9.Nxf7
Qxf7 10.gxf5 Qxf5 11.Bg2 Qxe5 12.d4 Qe6 13.Bxe4 Nd7 14.d5 cxd5 15.Qh5+ Kd8 16.Qxd5
Qxd5 17.Bxd5 Kc7 18.Bd2 e5 19.Ba5+ Nb6 20.O-O-O Bc5 21.Rhg1 g5 22.Rg3 Rac8 23.Be4
Bxf2 24.Rf3 Rcf8 25.Bb4 Rxf3 26.Bd6+ Kc8 27.Bxf3 Nd7 28.Bg4 Rh7 29.Rd3 Bd4 30.c3 Bb6
31.Rd5 h5 32.Bf5 Rf7 33.Rxe5 Rf6 34.Be7 Be3+ 35.Kc2 Rf7 36.Kd3 Kc7 37.Bxd7 Kxd7 38.Bxg5
Bxg5 39.Rxg5 Rf2 40.Rxh5 Rxb2 41.a4 Ra2 42.a5 Kc6 43.h4 Rh2 44.Kc4 Rh1 45.Rh6+ Kc7
46.h5 Rh2 47.Rh7+ Kc6 48.Rh6+ Kc7 49.a6 bxa6 50.Kc5 Rh4 51.Rh7+ Kb8 52.h6 a5 53.Kc6
Rc4+ 54.Kb5 Rh4 55.Kxa5 Rh5+ 56.Kb4 a5+ 57.Ka4  1-0

[Event "1. Bundesliga 2018/2019"]
[Site "St. Veit an der Glan"]
[Date "2019.01.19"]
[Round "7"]
[Board "4"]
[White "Pflug, Mathias"]
[Black "Steindl, Johannes"]
[Result "1/2-1/2"]
[WhiteElo "2267"]
[BlackElo "2264"]
[PlyCount "72"]
[EventDate "2018.11.15"]
[EventType "team"]
[EventRounds "11"]
[EventCountry "AUT"]
[WhiteTeam "SIR Salzburg"]
[BlackTeam "mpimmo Wien - SK Ottakring"]

1.e4 c5 2.Nf3 d6 3.d4 cxd4 4.Nxd4 Nf6 5.Nc3 a6 6.f3 e5 7.Nb3 Be6 8.Be3 Be7 9.Qd2 h5
10.O-O-O Nbd7 11.h3 Rc8 12.Rg1 h4 13.Kb1 b5 14.Qf2 Rxc3 15.bxc3 Qc7 16.Bd3 Nc5 17.Bd2
Na4 18.Qe1 Nh5 19.Ka1 O-O 20.g4 hxg3 21.Rxg3 Nxg3 22.Qxg3 Bf6 23.Rg1 Rc8 24.h4 Kf8
25.h5 Ke7 26.Qe1 Rh8 27.Rh1 Ke8 28.Qc1 Bc4 29.Bxc4 Qxc4 30.Qe1 Ke7 31.Qe3 Qc7 32.Nc1
Nb6 33.Nd3 Nc4 34.Qf2 Qb6 35.Qxb6 Nxb6 36.Nb4 Nc4  1/2-1/2

[Event "1. Bundesliga 2018/2019"]
[Site "St. Veit an der Glan"]
[Date "2019.01.19"]
[Round "7"]
[Board "5"]
[White "Bauer, Thomas"]
[Black "Rosner, Gerhard"]
[Result "0-1"]
[WhiteElo "2185"]
[BlackElo "2042"]
[PlyCount "77"]
[EventDate "2018.11.15"]
[EventType "team"]
[EventRounds "11"]
[EventCountry "AUT"]
[WhiteTeam "mpimmo Wien - SK Ottakring"]
[BlackTeam "SIR Salzburg"]

1. e4 e5 2. Nf3 d6 3. d4 exd4 4. Nxd4 Nf6 5. Nc3 Be7 6. g3 O-O 7. Bg2 Re8 8.
O-O Bf8 9. h3 c6 10. Re1 Nbd7 11. a4 a5 12. Bf4 Ne5 13. b3 h6 14. g4 Nh7 15.
Bg3 g6 16. Qd2 Qf6 17. Rad1 Bg7 18. f4 Nxg4 19. hxg4 Bxg4 20. Nce2 Rad8 21.
Qxa5 h5 22. Nf3 Qe7 23. Bh4 Bf6 24. Bxf6 Qxf6 25. e5 dxe5 26. Rxd8 Rxd8 27.
Qxe5 Bxf3 28. Qxf6 Nxf6 29. Bxf3 Rd2 30. c3 Kg7 31. Kf2 Rd3 32. b4 Kh6 33. Rg1
Ne8 34. Be4 Rd2 35. Ke3 Ra2 36. a5 Nd6 37. Bd3 Rb2 38. Kd4 Nf5+ 39. Bxf5 {
Flag!!}  0-1

[Event "1. Bundesliga 2018/2019"]
[Site "St. Veit an der Glan"]
[Date "2019.01.19"]
[Round "7"]
[Board "6"]
[White "Prodinger, Johannes"]
[Black "Peyrer, Konstantin"]
[Result "1/2-1/2"]
[WhiteElo "1954"]
[BlackElo "2199"]
[PlyCount "131"]
[EventDate "2018.11.15"]
[EventType "team"]
[EventRounds "11"]
[EventCountry "AUT"]
[WhiteTeam "SIR Salzburg"]
[BlackTeam "mpimmo Wien - SK Ottakring"]

1.d4 Nf6 2.Nf3 e6 3.e3 b6 4.Bd3 Bb7 5.Nbd2 d5 6.O-O Nbd7 7.b3 a5 8.a4 Ne4 9.Bb2 Bb4
10.Nb1 O-O 11.Ne5 Nxe5 12.dxe5 Qg5 13.f4 Qg6 14.Rf3 Qh5 15.Qf1 f5 16.exf6 gxf6 17.Bxe4
dxe4 18.Rh3 Qd5 19.Qe2 Rf7 20.Nc3 Qc6 21.Nb5 Ba6 22.Rd1 Raf8 23.c4 Bxb5 24.cxb5 Qe8
25.Qc4 Rd7 26.Rf1 Rd2 27.Ba1 Qd7 28.Qxe4 Rd1 29.Rg3+ Kh8 30.Rgf3 Qd5 31.Qxd5 Rxd5
32.Bd4 Bc5 33.Rc1 Bd6 34.Kf2 e5 35.fxe5 fxe5 36.Rxf8+ Bxf8 37.Ba1 Bc5 38.Ke2 Kg7 39.e4
Rd7 40.Bxe5+ Kg6 41.Rd1 Rf7 42.Rf1 Re7 43.Rf6+ Kg5 44.Rf5+ Kg6 45.Kf3 Rd7 46.Kf4 Be7
47.g3 h5 48.g4 h4 49.Rh5 Bd8 50.Rh8 Bg5+ 51.Kf3 Rd3+ 52.Kf2 Rxb3 53.Bxc7 Be3+ 54.Ke2
Bc5 55.Rb8 Re3+ 56.Kf1 Rxe4 57.Bxb6 Bd6 58.Rg8+ Kf7 59.Rd8 Ke7 60.Ra8 Rxa4 61.Bxa5
Rxg4 62.b6 Bxh2 63.b7 Rg1+ 64.Kf2 Rb1 65.Bd8+ Kd7 66.Bxh4  1/2-1/2

[Event "1. Bundesliga 2018/2019"]
[Site "St. Veit an der Glan"]
[Date "2019.01.19"]
[Round "7"]
[Board "1"]
[White "Michalik, Peter"]
[Black "Lizak, Peter"]
[Result "1/2-1/2"]
[WhiteElo "2577"]
[BlackElo "2472"]
[PlyCount "120"]
[EventDate "2018.11.15"]
[EventType "team"]
[EventRounds "11"]
[EventCountry "AUT"]
[WhiteTeam "SK Mayrhofen/Zell/Zillertal"]
[BlackTeam "Data Technology Pressbaum"]

1.d4 Nf6 2.c4 c5 3.d5 b5 4.cxb5 a6 5.bxa6 e6 6.Nc3 exd5 7.Nxd5 Be7 8.Nxe7 Qxe7 9.e3
O-O 10.Nf3 d5 11.Be2 Bxa6 12.O-O Bxe2 13.Qxe2 Nc6 14.b3 Nb4 15.Bb2 d4 16.Qc4 dxe3
17.Rae1 Qe6 18.Rxe3 Qxc4 19.bxc4 Rxa2 20.Bxf6 gxf6 21.Nh4 Rc2 22.Re4 Rd8 23.Nf5 Kf8
24.Rh4 Kg8 25.Rg4+ Kf8 26.Nh6 Rdd2 27.Rg8+ Ke7 28.Rg7 Nd3 29.Rxh7 Rxf2 30.Rxf2 Nxf2
31.h4 Ke6 32.Rh8 f5 33.Re8+ Kf6 34.Rc8 Kg6 35.Rxc5 Kxh6 36.Rxf5 Ng4 37.Rxf7 Rxc4 38.g3
Rc1+ 39.Kg2 Rc2+ 40.Kg1 Ne3 41.Kh1 Re2 42.Rf8 Kg7 43.Rf4 Kg6 44.Rf8 Kg7 45.Rf4 Nd5
46.Rf5 Nf6 47.Rg5+ Kf7 48.Kg1 Ne4 49.Rg4 Kf6 50.Kf1 Re3 51.Kg2 Ke5 52.Rg7 Kf6 53.Rg8
Rb3 54.Kh3 Kf7 55.Ra8 Rxg3+ 56.Kh2 Re3 57.Ra6 Nf6 58.Kg2 Kg6 59.Kf2 Rb3 60.Ra5 Rh3  1/2-1/2

[Event "1. Bundesliga 2018/2019"]
[Site "St. Veit an der Glan"]
[Date "2019.01.19"]
[Round "7"]
[Board "2"]
[White "Videki, Sandor"]
[Black "Votava, Jan"]
[Result "0-1"]
[WhiteElo "2380"]
[BlackElo "2518"]
[PlyCount "82"]
[EventDate "2018.11.15"]
[EventType "team"]
[EventRounds "11"]
[EventCountry "AUT"]
[WhiteTeam "Data Technology Pressbaum"]
[BlackTeam "SK Mayrhofen/Zell/Zillertal"]

1.c4 Nf6 2.Nc3 c5 3.Nf3 d5 4.cxd5 Nxd5 5.e4 Nb4 6.Bb5+ N8c6 7.d4 cxd4 8.a3 dxc3 9.Qxd8+
Kxd8 10.axb4 cxb2 11.Bxb2 Bd7 12.Bxc6 Bxc6 13.Ne5 Ke8 14.Nxc6 bxc6 15.O-O h5 16.Ra6
Rh6 17.e5 c5 18.Rxh6 gxh6 19.bxc5 e6 20.Bd4 Kd7 21.Rb1 Kc6 22.Kf1 Rd8 23.Be3 Bxc5
24.Bxc5 Kxc5 25.Rb7 a5 26.Ke2 a4 27.Ra7 Rd4 28.Ke3 Kb6 29.Kxd4 Kxa7 30.Kc4 Kb6 31.Kb4
Kc6 32.Kxa4 Kd5 33.Kb3 h4 34.h3 Kxe5 35.Kc3 Ke4 36.Kd2 e5 37.Ke2 Kd4 38.Kd2 e4 39.Ke2
f5 40.Kd2 f4 41.Ke2 Kc3  0-1

[Event "1. Bundesliga 2018/2019"]
[Site "St. Veit an der Glan"]
[Date "2019.01.19"]
[Round "7"]
[Board "3"]
[White "Lanka, Zigurds"]
[Black "Hechl, Gerald"]
[Result "0-1"]
[WhiteElo "2403"]
[BlackElo "2356"]
[PlyCount "150"]
[EventDate "2018.11.15"]
[EventType "team"]
[EventRounds "11"]
[EventCountry "AUT"]
[WhiteTeam "SK Mayrhofen/Zell/Zillertal"]
[BlackTeam "Data Technology Pressbaum"]

1.e4 c6 2.c4 d5 3.exd5 cxd5 4.cxd5 Nf6 5.Nc3 Nxd5 6.Nf3 Nc6 7.Bc4 e6 8.d4 Be7 9.O-O
O-O 10.Re1 Bf6 11.Ne4 b6 12.Nxf6+ Nxf6 13.Bg5 Bb7 14.Rc1 Rc8 15.Bd3 h6 16.Bh4 Nxd4
17.Ne5 Qd5 18.f3 Rxc1 19.Qxc1 Nd7 20.Bc4 Qd6 21.Bg3 Nxe5 22.Rxe5 Qc6 23.Qf1 Rc8 24.b3
Nf5 25.Bf2 Rd8 26.Qe1 Rd6 27.Qa1 Qd7 28.Re1 Rd2 29.Qe5 Bd5 30.Bf1 Rxa2 31.b4 Qd6 32.Qxd6
Nxd6 33.Rc1 Rb2 34.Be1 Rb3 35.Rc7 Ra3 36.Bc3 f6 37.b5 Ra4 38.Rd7 Nb7 39.Kf2 Nc5 40.Rc7
Bc4 41.Bd2 Bxf1 42.Kxf1 Ra2 43.Be3 Nd3 44.Rc8+ Kf7 45.Rc7+ Kg6 46.Re7 e5 47.Rd7 Nb4
48.h3 Nc2 49.Bf2 Ra5 50.g4 Na3 51.h4 Nxb5 52.h5+ Kh7 53.Bh4 Kg8 54.Rd8+ Kf7 55.Rd7+
Kf8 56.Rb7 Ra1+ 57.Kf2 Rc1 58.Ke3 Rc7 59.Rb8+ Kf7 60.Be1 Nd4 61.Ke4 Rd7 62.Bb4 Ne6
63.Ba3 g6 64.hxg6+ Kxg6 65.Rg8+ Kf7 66.Rh8 Kg7 67.Re8 Kf7 68.Rh8 Kg6 69.Re8 Ng5+ 70.Ke3
Nxf3 71.Rg8+ Kh7 72.Rf8 Nd4 73.Ke4 Kg7 74.Ra8 Nc2 75.Bc1 Nd4  0-1

[Event "1. Bundesliga 2018/2019"]
[Site "St. Veit an der Glan"]
[Date "2019.01.19"]
[Round "7"]
[Board "4"]
[White "Ganaus, Hannes"]
[Black "Platzgummer, Fabian"]
[Result "1/2-1/2"]
[WhiteElo "2242"]
[BlackElo "2327"]
[PlyCount "68"]
[EventDate "2018.11.15"]
[EventType "team"]
[EventRounds "11"]
[EventCountry "AUT"]
[WhiteTeam "Data Technology Pressbaum"]
[BlackTeam "SK Mayrhofen/Zell/Zillertal"]

1.Nf3 d5 2.e3 Nf6 3.c4 c6 4.b3 Bf5 5.Bb2 e6 6.Be2 h6 7.O-O Nbd7 8.d3 Bd6 9.Nc3 Bg6
10.a3 a5 11.Re1 O-O 12.d4 Qb8 13.h3 Ne4 14.Nxe4 Bxe4 15.Nd2 Bg6 16.a4 Bb4 17.Ba3 Bxa3
18.Rxa3 Qd6 19.Ra1 Qb4 20.Nf3 Rab8 21.Bd3 Bxd3 22.Qxd3 Rfe8 23.Rac1 dxc4 24.Qxc4 Qxc4
25.Rxc4 Ra8 26.Rd1 Rec8 27.e4 b5 28.Rc2 bxa4 29.bxa4 Rab8 30.Rc4 Nb6 31.Rc5 Nxa4 32.Rxa5
Nc3 33.Re1 Rb4 34.Rc5 Na4  1/2-1/2

[Event "1. Bundesliga 2018/2019"]
[Site "St. Veit an der Glan"]
[Date "2019.01.19"]
[Round "7"]
[Board "5"]
[White "Maiwald, Jens-Uwe"]
[Black "Neumeier, Klaus"]
[Result "1-0"]
[WhiteElo "2432"]
[BlackElo "2315"]
[PlyCount "63"]
[EventDate "2018.11.15"]
[EventType "team"]
[EventRounds "11"]
[EventCountry "AUT"]
[WhiteTeam "SK Mayrhofen/Zell/Zillertal"]
[BlackTeam "Data Technology Pressbaum"]

1.g3 c5 2.Bg2 Nc6 3.e4 g6 4.d3 Bg7 5.f4 e6 6.Nf3 Nge7 7.O-O O-O 8.c3 d6 9.Be3 b6 10.Re1
Bb7 11.Na3 Rc8 12.Qd2 a6 13.Nc2 Qc7 14.Rad1 Rfd8 15.Bf2 h6 16.d4 Na5 17.Qe2 b5 18.h4
cxd4 19.Ncxd4 e5 20.Nb3 Nc4 21.h5 Rb8 22.hxg6 fxg6 23.fxe5 dxe5 24.Nc5 Bc8 25.Rxd8+
Qxd8 26.Rd1 Qe8 27.b3 Nb6 28.Rd6 Bg4 29.Qd3 Qf7 30.Nh2 Rf8 31.Nxg4 h5 32.Rf6  1-0

[Event "1. Bundesliga 2018/2019"]
[Site "St. Veit an der Glan"]
[Date "2019.01.19"]
[Round "7"]
[Board "1"]
[White "Huschenbeth, Niclas"]
[Black "Lenic, Luka"]
[Result "1/2-1/2"]
[WhiteElo "2608"]
[BlackElo "2643"]
[PlyCount "157"]
[EventDate "2018.11.15"]
[EventType "team"]
[EventRounds "11"]
[EventCountry "AUT"]
[WhiteTeam "Schachclub Sparkasse Goetzis"]
[BlackTeam "SV Raika Rapid Feffernitz"]

1.e4 e5 2.Nf3 Nc6 3.Bb5 a6 4.Ba4 Nf6 5.O-O b5 6.Bb3 Bb7 7.Re1 Bc5 8.c3 d6 9.d4 Bb6
10.a4 h6 11.Be3 exd4 12.cxd4 Na5 13.d5 Bxe3 14.Rxe3 O-O 15.Ba2 c5 16.dxc6 Nxc6 17.Nc3
Ne5 18.Qd4 Nfg4 19.Nxe5 dxe5 20.Qxd8 Rfxd8 21.Re2 Nf6 22.f3 Bc6 23.Bb3 bxa4 24.Bxa4
Rd6 25.Bxc6 Rxc6 26.Ra5 Re8 27.Rd2 Re7 28.Kf2 g6 29.g4 Kg7 30.h4 Ne8 31.g5 hxg5 32.hxg5
Nc7 33.Kg3 f6 34.gxf6+ Rxf6 35.Rd3 Rb6 36.Na4 Rc6 37.Nc5 Kf7 38.Rd7 Rb6 39.Rxe7+ Kxe7
40.Nd3 Kf6 41.Rxe5 Rb3 42.Rc5 Rxd3 43.Rxc7 Rb3 44.Rc2 Kg5 45.Re2 a5 46.Rc2 a4 47.Rc4
Rxb2 48.Rxa4 Kf6 49.Ra6+ Kf7 50.Rd6 Ra2 51.Kf4 Ra3 52.Rd7+ Ke6 53.Rb7 Rc3 54.Kg4 Ra3
55.Rh7 Rb3 56.Rg7 Kf6 57.Ra7 Ke6 58.Ra1 Rc3 59.Rf1 Kf6 60.Kf4 Ra3 61.Rb1 Ke6 62.Kg4
Rc3 63.Re1 Ra3 64.Kg3 Rb3 65.Kf2 Ke5 66.Re3 Rb1 67.Re2 Kf4 68.e5 Rb7 69.Re4+ Kf5 70.Ke3
Rb3+ 71.Kd4 Ke6 72.f4 Rf3 73.Kc4 g5 74.fxg5 Rg3 75.Kd4 Rxg5 76.Rh4 Rg1 77.Rh6+ Ke7
78.Kd5 Rd1+ 79.Ke4  1/2-1/2

[Event "1. Bundesliga 2018/2019"]
[Site "St. Veit an der Glan"]
[Date "2019.01.19"]
[Round "7"]
[Board "2"]
[White "Abasov, Nijat"]
[Black "Krassowizkij, Jaroslaw"]
[Result "1-0"]
[WhiteElo "2633"]
[BlackElo "2460"]
[PlyCount "79"]
[EventDate "2018.11.15"]
[EventType "team"]
[EventRounds "11"]
[EventCountry "AUT"]
[WhiteTeam "SV Raika Rapid Feffernitz"]
[BlackTeam "Schachclub Sparkasse Goetzis"]

1.Nf3 Nf6 2.c4 g6 3.b3 Bg7 4.Bb2 c5 5.g3 d6 6.Bg2 e5 7.d3 Nc6 8.Nc3 O-O 9.O-O Bf5
10.h3 h6 11.Kh2 Qd7 12.a3 Be6 13.e4 g5 14.Nd5 g4 15.Nh4 gxh3 16.Bf3 Ng4+ 17.Bxg4 Bxg4
18.f3 Be6 19.g4 Bxd5 20.cxd5 Ne7 21.f4 exf4 22.Bxg7 Kxg7 23.Rxf4 Rh8 24.Qd2 Rh7 25.Raf1
Rf8 26.Qc3+ Kg8 27.Qf6 Rg7 28.Qxh6 Ng6 29.Nxg6 Rxg6 30.Qxg6+ fxg6 31.Rxf8+ Kg7 32.g5
Qe7 33.Kxh3 Qxf8 34.Rxf8 Kxf8 35.Kg4 Ke7 36.Kf4 Kd7 37.e5 b6 38.Ke4 Ke7 39.d4 Kd7
40.e6+  1-0

[Event "1. Bundesliga 2018/2019"]
[Site "St. Veit an der Glan"]
[Date "2019.01.19"]
[Round "7"]
[Board "3"]
[White "Kvetny, Mark"]
[Black "Skoberne, Jure"]
[Result "1-0"]
[WhiteElo "2409"]
[BlackElo "2567"]
[PlyCount "49"]
[EventDate "2018.11.15"]
[EventType "team"]
[EventRounds "11"]
[EventCountry "AUT"]
[WhiteTeam "Schachclub Sparkasse Goetzis"]
[BlackTeam "SV Raika Rapid Feffernitz"]

1.c4 e5 2.g3 Nf6 3.Bg2 d5 4.cxd5 Nxd5 5.Nc3 Nb6 6.Nf3 Nc6 7.O-O Be7 8.Rb1 g5 9.b4
g4 10.Ne1 Nxb4 11.f4 c6 12.fxe5 Be6 13.Ne4 Bxa2 14.Rxb4 Bxb4 15.Nf6+ Kf8 16.d4 h5
17.Bg5 Kg7 18.Nxh5+ Rxh5 19.Bxd8 Rxd8 20.Nd3 Be7 21.Qa1 Bd5 22.Nf4 Rh6 23.Qxa7 Bxg2
24.Kxg2 Nc4 25.Qxb7  1-0